000
00344nam a2200133Ia 4500
008
100328s9999 xx 000 0 und d
082
_b
26389
100
_a
नांगरे बळराम
245
_a
दैवरेखा
260
_b
अभय
630
_a
दैवरेखा
730
_a
दैवरेखा
942
_c
BOOK
999
_c
518808
_d
518805